000
00462nam a2200133Ia 4500
008
100328s9999 xx 000 0 und d
082
_b
75001
100
_a
हुद्दार मधुकर-अनु.(मूळ लेखक-जेम्स हॅडली चेस).
245
_a
शॉकींग डेथ.
260
_b
नंदादीप.
630
_a
शॉकींग डेथ.
730
_a
शॉकींग डेथ.
942
_c
BOOK
999
_c
560722
_d
560719